000 00593nam a2200169Ia 4500
003 GCL
008 140319s9999 xx 000 0 ara d
040 _aGCL /
_cGCL
082 0 4 _a382.1
_bخ ح
245 1 0 _aحركة انتقال التجارة العربية عبر المنافذ الجمركية
260 _aالقاهرة :
_bالمنظمة العربية للتنمية الادارية ،
_c2003
300 _a507 ص ؛
_c24 سم
650 0 4 _aالتجارة الدولية
650 0 4 _aالتجارة العربية
650 0 4 _aالمنافذ الجمركية
942 _2ddc
_cBK
999 _c5634
_d5634